|
|
|
|
| LEADER |
00000nam0a2200000 4500 |
| 001 |
282832 |
| 005 |
20231101235533.0 |
| 035 |
|
|
|a (RuTPU)RU\TPU\book\306809
|
| 035 |
|
|
|a RU\TPU\book\102355
|
| 090 |
|
|
|a 282832
|
| 100 |
|
|
|a 20150203d1984 k y0rusy50 ca
|
| 101 |
0 |
|
|a rus
|
| 102 |
|
|
|a RU
|
| 105 |
|
|
|a a z 001zy
|
| 200 |
1 |
|
|a Изучение тектонических структур
|f В. Д. Вознесенский, Н. В. Горлов, А. В. Доливо-Добровольский
|g Всероссийский научно-исследовательский геологический институт им. А. П. Карпинского (ВСЕГЕИ)
|
| 210 |
|
|
|a Ленинград
|c Недра
|d 1984
|
| 215 |
|
|
|a 287 с.
|c ил.
|
| 225 |
1 |
|
|a Методическое пособие по геологической съемке масштаба 1:50000
|v вып. 16
|
| 320 |
|
|
|a Библиогр.: с. 227-237
|
| 606 |
1 |
|
|a Геология
|2 stltpush
|3 (RuTPU)RU\TPU\subj\6095
|9 34054
|
| 610 |
1 |
|
|a комплексы
|
| 610 |
1 |
|
|a методические пособия
|
| 610 |
1 |
|
|a складки
|
| 610 |
1 |
|
|a морфометрия
|
| 610 |
1 |
|
|a картирование
|
| 610 |
1 |
|
|a тектонические структуры
|
| 610 |
1 |
|
|a геологическая съемка
|
| 610 |
1 |
|
|a изучение
|
| 675 |
|
|
|a 55
|v 4
|
| 701 |
|
1 |
|a Вознесенский
|b В. Д.
|
| 701 |
|
1 |
|a Балашов
|b А. Н.
|
| 701 |
|
1 |
|a Горлов
|b Н. В.
|
| 712 |
0 |
2 |
|a Всероссийский научно-исследовательский геологический институт им. А. П. Карпинского (ВСЕГЕИ)
|2 stltpush
|3 (RuTPU)RU\TPU\col\414
|
| 801 |
|
1 |
|a RU
|b 63413507
|c 20060429
|g PSBO
|
| 801 |
|
2 |
|a RU
|b 63413507
|c 20170503
|g PSBO
|
| 942 |
|
|
|c BK
|